000 00329nam a22001337a 4500
008 170623b xxu||||| |||| 00| 0 eng d
020 _a9780024142016
041 _aeng
080 _a32
100 _a21
101 _aSHP
245 _aAMERICAN FOREIGN POLICY MAKING AND THE DEMOCRATIC DILEMMAS
_cSPANIER,J.W
942 _2udc
_cBK
999 _c18967
_d18967